| 000 | 00813nas a2200289 4500 | ||
|---|---|---|---|
| 001 | BR9205972 | ||
| 003 | BR-BrBNA | ||
| 005 | 20231205095000.0 | ||
| 007 | ta | ||
| 008 | 230509b bl.|||p| |||| 00| 00por d | ||
| 040 |
_aBR-BrBNA _bpor _cBiblioteca Nacional de Agricultura |
||
| 041 | _a(Pt) | ||
| 072 | _aL73 | ||
| 100 | 1 | _aVidotto, O. | |
| 100 | 1 | _aNavarro, I.T. | |
| 100 | 1 | _aGiraldi, N. | |
| 100 | 1 | _aMitsuka, R. | |
| 100 | 1 | _aFreire, R.L. | |
| 245 | 1 | _aEstudos epidemiologicos da toxoplasmose em suinos da regiao de Londrina - Parana | |
| 650 | _aToxoplasmose | ||
| 650 | _aSUÍNO | ||
| 650 | _aEpidemiologia | ||
| 650 | _aPARANÁ | ||
| 773 | 0 |
_tSemina (Brazil) _xISSN 0101-3742 _g(Mar 1990), v. 11(1) p. 53-59 _wBR9205972 |
|
| 909 |
_a202311 _bLúcia _c55 _dLúcia Elande |
||
| 942 |
_2AGRIS _n0 _cANA |
||
| 999 |
_c148084 _d148084 |
||